民主主義(近代イギリス社会) - Statistics

General Stats
  • This quiz has been taken 11 times
  • The average score is 4 of 8
Answer Stats
Hint Answer % Correct
第6回選挙法改正有権者の年齢が〜以上に引き下げ 18歳
86%
第1回選挙法改正〜の廃止と 腐敗選挙区
71%
第4回選挙法改正〜に選挙権が認められる 女性
71%
第5回選挙法改正〜以上の男女に選挙権が認められる 21歳
71%
1830〜1840年 チャーティスト運動
43%
〜への選挙権付与 ブルジョワ
29%
↑〜の実現 男女平等の普通選挙
14%
↑〜を掲げて普通選挙を訴える ピープルズ=チャーター
0%
No matching quizzes found
Score Distribution
Percent of People with Each Score
Percentile by Number Answered
Your Score History
You have not taken this quiz